000 00431nam a2200181Ia 4500
001 25371
005 20260414151145.0
008 260414t2024||||xx |||||||||||||| ||spa||
041 _aESP
082 _a346.5
_bG35
100 _aGeldres Campos, Ricardo,
_eAUT
245 0 _aDerecho de las obligaciones
_b
260 _c2024
300 _a335 páginas :
_c25 cm.
650 _aDER
654 _aCDE
942 _cLIB
_dJUS
_fJUS
_2ddc
_n
999 _c25371
_d25371